| 000 | 01197cam a2200373 a 4500 | ||
|---|---|---|---|
| 001 | 6968 | ||
| 003 | FISKH | ||
| 005 | 20250612104723.0 | ||
| 008 | 070709s2008 nyua a 000 1 eng | ||
| 010 | _a 2007024253 | ||
| 020 | _a9780670062454 (hardcover : acidfree paper) | ||
| 020 | _a9780545539159 | ||
| 020 | _a0670062456 (hardcover : acidfree paper) | ||
| 040 |
_aDLC _cDLC _beng |
||
| 050 | _aPZ7.F35 D | ||
| 082 | _a813.6 | ||
| 100 | 1 |
_aFoley, Greg E., _d1969- |
|
| 245 | 1 | 0 |
_aDon't worry Bear / _cby Greg Foley. |
| 246 | 3 | _aDo not worry Bear | |
| 250 | _aFirst Scholastic printing, January 2013 | ||
| 260 |
_aNew York : _bScholastic, _c2008. |
||
| 300 |
_a30 unnumbered pages : _bcolor illstrations ; _c21 x 23 cm |
||
| 505 | _aG | ||
| 520 | _aA caterpillar reassures a worried bear that they will see each other again when the caterpillar emerges from its cocoon. | ||
| 521 |
_a330
_bLexile AD |
||
| 521 |
_aG
_bRaz-Plus |
||
| 650 | 1 |
_aBears _vFiction. |
|
| 650 | 1 |
_aCocoons _vFiction. |
|
| 650 | 1 |
_aCaterpillars _vFiction. |
|
| 650 | 1 |
_aButterflies _vFiction. |
|
| 906 |
_a7 _bcbc _corignew _d1 _eecip _f20 _gy-gencatlg |
||
| 942 |
_2ddc _cBK _n0 |
||
| 999 |
_c6968 _d6968 |
||